Nichtideale Normativität: ein neuer Blick auf Kants politische Philosophie.

Saved in:
Bibliographic Details
Main Author: Horn, Christoph (autor)
Format: Book
Published: Berlin, Deutschland : Suhrkamp, 2014.
Series:Suhrkamp Taschenbuch Wissenschaft,
Subjects:
Tags: Add Tag
No Tags, Be the first to tag this record!

MARC

LEADER 00000cam a2200000 a 4500
001 UCD6144
003 CL-VaPUC
005 20241127084745.0
008 220629t2014 ||||| |||| 00| 0 eng d
999 |c 436444  |d 436442 
020 |a 978-3-518-29674-5 
040 |c Pontificia Universidad Católica de Valparaíso 
082 7 |a 320.01 HOR 2014 
100 0 |a Horn, Christoph  |e autor  |9 589836 
245 1 0 |a Nichtideale Normativität:   |b ein neuer Blick auf Kants politische Philosophie. 
260 |a Berlin, Deutschland :   |b Suhrkamp,   |c 2014. 
300 |a 356 páginas.  
490 |a Suhrkamp Taschenbuch Wissenschaft,   |n 2074. 
500 |a  c.1 Donación Familia Prof. Alejandro Guzmán Brito. 
583 |a last modification  |c 20170426 02:11:44  |k Cristina María Rojas Aguilar 
600 0 |a Kant, Immanuel,  |d 1724-1804  |x Pensamiento político y social   |9 858687 
650 |a Ciencia política   |x Filosofía   |9 869342 
942 |c BK  |2 ddc  |n 0 
952 |0 0  |1 0  |2 ddc  |4 0  |6 320_010000000000000_HOR_2014  |7 1  |8 C_AGB  |9 584105  |a BIBDER  |b BIBDER  |d 2022-06-29  |e Donación   |i 5652264  |o 320.01 HOR 2014   |p 5652264  |r 2023-01-25  |t 1  |w 2022-06-29  |y BK_US  |k AGB